[Event "16. Torneo San Viator"]
[Site "Madrid ESP"]
[Date "2016.04.03"]
[Round "1.2"]
[White "Giralda Gomez, David"]
[Black "Suarez Uriel, Adrian"]
[Result "0-1"]
[WhiteElo "1856"]
[BlackElo "2294"]
[PlyCount "78"]
[EventDate "2016.04.03"]
[EventType "swiss"]
[EventRounds "9"]
[EventCountry "ESP"]
[Source "lmi"]
[SourceDate "2016.04.03"]

1. e4 c5 2. d4 cxd4 3. c3 d3 4. Bxd3 Nc6 5. Nf3 d6 6. Bc4 Nf6 7. Qe2 g6 8. O-O
Bg7 9. Rd1 Qc7 10. Na3 a6 11. Bf4 O-O 12. Rac1 b5 13. Bd3 Be6 14. b3 Qa5 15.
Nb1 Bg4 16. a3 Nh5 17. Bg5 h6 18. b4 Qc7 19. Bh4 Ne5 20. Bg3 Bxf3 21. gxf3 g5
22. c4 Qd7 23. Kg2 Ng6 24. Qe1 Rac8 25. c5 dxc5 26. bxc5 Nhf4+ 27. Kg1 Nxd3 28.
Qf1 Rfd8 29. c6 Qd4 30. c7 Rd7 31. Rd2 Nge5 32. Rcd1 Rcxc7 33. Kg2 Qc4 34. Rxd3
Rxd3 35. Rxd3 Nxd3 36. Bxc7 Qc2 37. Bg3 Bb2 38. Kh3 Bc1 39. Kg2 Qxb1 0-1

[Event "16. Torneo San Viator"]
[Site "Madrid ESP"]
[Date "2016.04.03"]
[Round "1.3"]
[White "Longa Yauca, Javier"]
[Black "Bartolome Martin, Angel"]
[Result "1-0"]
[WhiteElo "2290"]
[BlackElo "1842"]
[PlyCount "110"]
[EventDate "2016.04.03"]
[EventType "swiss"]
[EventRounds "9"]
[EventCountry "ESP"]
[Source "lmi"]
[SourceDate "2016.04.03"]

1. e4 c5 2. Nc3 a6 3. g3 b5 4. Bg2 Bb7 5. a4 b4 6. Nd5 e6 7. Ne3 Nf6 8. d3 d5
9. exd5 Nxd5 10. Nc4 Nc3 11. Bxb7 Nxd1 12. Bxa8 Nxf2 13. Kxf2 b3 14. cxb3 Qxd3
15. Ra3 Be7 16. Ne2 O-O 17. Nc3 Qf5+ 18. Kg2 Qc2+ 19. Bd2 Rd8 20. Rd1 f5 21.
Kf1 Bf6 22. Bf3 Qd3+ 23. Be2 Qd7 24. Be3 Qb7 25. Rxd8+ Bxd8 26. Nd2 Nd7 27. Bf3
Qc8 28. Nc4 Bc7 29. Ra1 Ne5 30. Nxe5 Bxe5 31. Rc1 Bd4 32. Bf2 Qb8 33. Rd1 Qxb3
34. Bxd4 cxd4 35. Rxd4 Qxb2 36. Ne2 Kf7 37. Rc4 Qb3 38. Rc7+ Kf6 39. Nc3 Qa3
40. Rc6 Qc1+ 41. Bd1 Qd2 42. Bb3 Qc1+ 43. Bd1 Qd2 44. Be2 Qc1+ 45. Kf2 Qd2 46.
Kf3 g5 47. g4 fxg4+ 48. Kg2 Kf5 49. Rc4 h5 50. Kf1 Qf4+ 51. Rxf4+ gxf4 52. Bxa6
h4 53. Bb7 Ke5 54. Nb5 g3 55. h3 f3 1-0

[Event "16. Torneo San Viator"]
[Site "Madrid ESP"]
[Date "2016.04.03"]
[Round "1.4"]
[White "Cano Mercado, Francisco Manuel"]
[Black "Montes Gutierrez, Ignacio"]
[Result "0-1"]
[WhiteElo "1824"]
[BlackElo "2272"]
[PlyCount "82"]
[EventDate "2016.04.03"]
[EventType "swiss"]
[EventRounds "9"]
[EventCountry "ESP"]
[Source "lmi"]
[SourceDate "2016.04.03"]

1. e4 c5 2. Nf3 Nc6 3. d4 cxd4 4. Nxd4 Nf6 5. Nc3 d6 6. Bg5 e6 7. Qd2 a6 8. Be2
Bd7 9. O-O h6 10. Be3 Ne5 11. f3 b5 12. a3 Rb8 13. b3 Qc7 14. Bd3 Be7 15. Nce2
d5 16. exd5 Nxd5 17. Bf2 Bg5 18. f4 Ng4 19. Bg3 Bf6 20. Kh1 Qa7 21. Be4 Rd8 22.
Bxd5 exd5 23. h3 h5 24. Rad1 Nh6 25. Nf3 O-O 26. Ne5 h4 27. Bf2 Qc7 28. Nxd7
Rxd7 29. Bd4 Be7 30. Be5 Qb7 31. b4 Nf5 32. Qd3 g6 33. Qf3 Re8 34. Rfe1 Bd8 35.
Bd4 Rde7 36. Rd2 Re4 37. c3 Bc7 38. Kg1 Bxf4 39. Nxf4 Rxe1+ 40. Kf2 Ng3 41.
Qxd5 Rf1# 0-1

[Event "16. Torneo San Viator"]
[Site "Madrid ESP"]
[Date "2016.04.03"]
[Round "1.5"]
[White "Renteria, Jorge"]
[Black "Gonzalez Berrendero, Carlos"]
[Result "1-0"]
[WhiteElo "2258"]
[BlackElo "1822"]
[PlyCount "47"]
[EventDate "2016.04.03"]
[EventType "swiss"]
[EventRounds "9"]
[EventCountry "ESP"]
[Source "lmi"]
[SourceDate "2016.04.03"]

1. e4 c5 2. Nf3 d6 3. d4 cxd4 4. Nxd4 Nf6 5. Nc3 g6 6. Be3 Bg7 7. f3 O-O 8. Qd2
Nc6 9. Bc4 Bd7 10. O-O-O Rb8 11. Bb3 Na5 12. h4 b5 13. h5 Nc4 14. Bxc4 bxc4 15.
hxg6 fxg6 16. Nde2 Qa5 17. Kb1 Qa3 18. Qc1 Nxe4 19. fxe4 Bxc3 20. Nxc3 Qxc3 21.
Bd4 Qb4 22. Qh6 Rf7 23. Qxg6+ Kf8 24. Rxh7 1-0

[Event "16. Torneo San Viator"]
[Site "Madrid ESP"]
[Date "2016.04.03"]
[Round "1.6"]
[White "Sirera Ripoll, Jose Luis"]
[Black "Fernandez Lledo, Javier"]
[Result "0-1"]
[WhiteElo "1821"]
[BlackElo "2248"]
[PlyCount "72"]
[EventDate "2016.04.03"]
[EventType "swiss"]
[EventRounds "9"]
[EventCountry "ESP"]
[Source "lmi"]
[SourceDate "2016.04.03"]

1. e4 c5 2. Nc3 Nc6 3. f4 g6 4. Nf3 Bg7 5. Bc4 e6 6. f5 gxf5 7. d3 Nge7 8. O-O
h6 9. Qe1 fxe4 10. dxe4 Ng6 11. Qg3 Nce5 12. Nxe5 Bxe5 13. Qf3 Qe7 14. Be3 d6
15. Rf2 Bd7 16. Bb5 Bxb5 17. Nxb5 a6 18. Nc3 Bd4 19. Raf1 Ne5 20. Qe2 Bxe3 21.
Qxe3 Ng4 22. Qf3 Nxf2 23. Rxf2 O-O-O 24. Qh5 Rh7 25. Qh3 Kb8 26. Qd3 Rg7 27. a3
Qg5 28. Ne2 Qe5 29. c3 d5 30. Ng3 c4 31. Qd1 d4 32. Nh5 Rgg8 33. Nf6 Rg6 34.
Qf1 d3 35. h3 Rxf6 36. Rxf6 d2 0-1

[Event "16. Torneo San Viator"]
[Site "Madrid ESP"]
[Date "2016.04.03"]
[Round "1.7"]
[White "Ruperez Benito, Antonio"]
[Black "Blanco Diez, David"]
[Result "1-0"]
[WhiteElo "2236"]
[BlackElo "1819"]
[PlyCount "65"]
[EventDate "2016.04.03"]
[EventType "swiss"]
[EventRounds "9"]
[EventCountry "ESP"]
[Source "lmi"]
[SourceDate "2016.04.03"]

1. e4 e5 2. Nf3 Nc6 3. Bc4 Bc5 4. c3 Nf6 5. d3 d6 6. Bb3 h6 7. h3 O-O 8. Nbd2
Qe7 9. Nf1 Be6 10. Ng3 Rad8 11. Qe2 Rfe8 12. Nh4 d5 13. Nhf5 Bxf5 14. Nxf5 Qd7
15. Qf3 dxe4 16. Nxh6+ gxh6 17. Qxf6 exd3 18. Qg6+ Kh8 19. Qxh6+ Kg8 20. Qg6+
Kh8 21. Qf6+ Kg8 22. Bg5 d2+ 23. Kd1 Re6 24. Bxe6 fxe6 25. Qg6+ Kf8 26. Qh6+
Ke8 27. Qh5+ Kf8 28. Qh8+ Kf7 29. Qh7+ Ke8 30. Qg8+ Bf8 31. Qg6+ Qf7 32. Qxf7+
Kxf7 33. Bxd8 1-0

[Event "16. Torneo San Viator"]
[Site "Madrid ESP"]
[Date "2016.04.03"]
[Round "1.8"]
[White "Camarero Izquierdo, Juan Carlos"]
[Black "Mena Corrochano, Alberto"]
[Result "1-0"]
[WhiteElo "1810"]
[BlackElo "2121"]
[PlyCount "65"]
[EventDate "2016.04.03"]
[EventType "swiss"]
[EventRounds "9"]
[EventCountry "ESP"]
[Source "lmi"]
[SourceDate "2016.04.03"]

1. d4 d5 2. Nc3 c6 3. e4 g6 4. e5 Bg7 5. f4 Nh6 6. Be3 b6 7. Qd2 Ng4 8. Nf3
Nxe3 9. Qxe3 Na6 10. h4 Nc7 11. h5 Qd7 12. O-O-O e6 13. g4 Ba6 14. hxg6 hxg6
15. Rxh8+ Bxh8 16. Bxa6 Nxa6 17. Rh1 O-O-O 18. Rh7 Rg8 19. f5 exf5 20. Qh6 Qe8
21. Ng5 Bf6 22. Nxf7 Be7 23. g5 Nc7 24. Qh1 Rf8 25. Nd6+ Bxd6 26. exd6 Qe3+ 27.
Kb1 Ne6 28. Re7 f4 29. a3 f3 30. Qh7 Qg1+ 31. Ka2 Nd8 32. Rxa7 Rf7 33. Rxf7 1-0

[Event "16. Torneo San Viator"]
[Site "Madrid ESP"]
[Date "2016.04.03"]
[Round "1.9"]
[White "Garcia Bartolome, Sergio"]
[Black "Barahona Torrijos, Angel"]
[Result "1-0"]
[WhiteElo "2091"]
[BlackElo "1804"]
[PlyCount "66"]
[EventDate "2016.04.03"]
[EventType "swiss"]
[EventRounds "9"]
[EventCountry "ESP"]
[Source "lmi"]
[SourceDate "2016.04.03"]

1. Nf3 Nc6 2. d4 d5 3. c4 e5 4. dxe5 Bb4+ 5. Bd2 dxc4 6. Nc3 Bf5 7. e4 Be6 8.
Qa4 a6 9. Rd1 Qe7 10. Be2 Bxc3 11. Bxc3 b5 12. Qc2 Nh6 13. O-O Ng4 14. h3 h5
15. a3 Nh6 16. Bd2 Rd8 17. b3 Qxa3 18. bxc4 b4 19. Ra1 b3 20. Qc3 Qe7 21. Rxa6
Bd7 22. Rb1 O-O 23. Rxb3 Rde8 24. Bg5 Qe6 25. c5 Ra8 26. Rba3 Rxa6 27. Rxa6 Rb8
28. Bc4 Qg6 29. Qe3 Kh7 30. Nh4 Nxe5 31. Nxg6 Nxc4 32. Qd4 Bb5 33. Bxh6 gxh6
1-0

[Event "16. Torneo San Viator"]
[Site "Madrid ESP"]
[Date "2016.04.03"]
[Round "1.10"]
[White "Mendez Martinez, Miguel Angel"]
[Black "Garcia Dorado, Alberto"]
[Result "0-1"]
[WhiteElo "1802"]
[BlackElo "2062"]
[PlyCount "66"]
[EventDate "2016.04.03"]
[EventType "swiss"]
[EventRounds "9"]
[EventCountry "ESP"]
[Source "lmi"]
[SourceDate "2016.04.03"]

1. d4 d5 2. c4 e6 3. Nc3 c6 4. Nf3 dxc4 5. a4 Bb4 6. e3 b5 7. Bd2 Qb6 8. Ne5
Nf6 9. Be2 Bb7 10. Bf3 a6 11. O-O Bd6 12. Ne4 Nxe4 13. Bxe4 O-O 14. Qh5 f5 15.
Bc2 Qc7 16. f4 Nd7 17. Nxd7 Qxd7 18. g4 c5 19. d5 Bxd5 20. gxf5 exf5 21. Rfd1
Bb7 22. Kf2 Qf7 23. Qh3 Bc7 24. axb5 axb5 25. Rxa8 Bxa8 26. Rg1 g6 27. Qh6 Bc6
28. Qg5 b4 29. h4 Qd5 30. Bc1 Qf3+ 31. Ke1 b3 32. Bd1 Ba5+ 33. Bd2 Qxe3+ 0-1

[Event "16. Torneo San Viator"]
[Site "Madrid ESP"]
[Date "2016.04.03"]
[Round "1.11"]
[White "Perdomo Araujo, Angel Eduardo"]
[Black "Sanchez Gomez, Emiliano"]
[Result "1-0"]
[WhiteElo "2060"]
[BlackElo "1800"]
[PlyCount "67"]
[EventDate "2016.04.03"]
[EventType "swiss"]
[EventRounds "9"]
[EventCountry "ESP"]
[Source "lmi"]
[SourceDate "2016.04.03"]

1. e4 c5 2. Nf3 a6 3. d4 cxd4 4. Nxd4 Nf6 5. Bd3 Nc6 6. Be3 e5 7. Nxc6 dxc6 8.
h3 Be7 9. O-O Be6 10. Nd2 b5 11. Nf3 Nd7 12. a4 O-O 13. Qe2 Re8 14. Rfd1 h6 15.
c4 b4 16. c5 Qc7 17. Bxa6 Nxc5 18. Bxc5 Bxc5 19. Bc4 Bf8 20. b3 g6 21. Rac1 Qb8
22. Bxe6 Rxe6 23. Rd7 Ra7 24. Rcd1 Re7 25. Rd8 Qc7 26. Qc4 Qb6 27. R1d6 Kg7 28.
Rc8 Rec7 29. Rxc6 Rxc6 30. Rxc6 Qb8 31. g3 Rd7 32. Kg2 Rd1 33. Rc7 Qe8 34. Nxe5
1-0

[Event "16. Torneo San Viator"]
[Site "Madrid ESP"]
[Date "2016.04.03"]
[Round "1.12"]
[White "Vaquerizo Calvo, Miguel A"]
[Black "Lopez-Andujar Ocaña, Antonio"]
[Result "0-1"]
[WhiteElo "1797"]
[BlackElo "2051"]
[PlyCount "72"]
[EventDate "2016.04.03"]
[EventType "swiss"]
[EventRounds "9"]
[EventCountry "ESP"]
[Source "lmi"]
[SourceDate "2016.04.03"]

1. e4 e5 2. Bc4 Nf6 3. d4 exd4 4. Nf3 Nc6 5. O-O Nxe4 6. Re1 d5 7. Bxd5 Qxd5 8.
Nc3 Qa5 9. Nxe4 Be6 10. Bd2 Qd5 11. Bg5 Be7 12. Bxe7 Kxe7 13. Qd3 Rad8 14. Qa3+
Kd7 15. b4 Qb5 16. Rab1 Kc8 17. Nc5 Rhe8 18. Ne5 Kb8 19. Qb2 Nxe5 20. Rxe5 Qc4
21. a4 Bg4 22. Nd3 f6 23. Rc5 Qe6 24. Qc1 g5 25. b5 Bf5 26. Nb4 Be4 27. f3 Qd6
28. Rc4 Bxf3 29. gxf3 Re2 30. Nc6+ bxc6 31. bxc6+ Ka8 32. f4 Qe6 33. Qf1 Qe3+
34. Kh1 Qe4+ 35. Kg1 gxf4 36. Qh3 Re1+ 0-1

[Event "16. Torneo San Viator"]
[Site "Madrid ESP"]
[Date "2016.04.03"]
[Round "1.13"]
[White "Unciti Juan, Javier"]
[Black "Jimenez Gonzalez, Marcos"]
[Result "1-0"]
[WhiteElo "2048"]
[BlackElo "1788"]
[PlyCount "51"]
[EventDate "2016.04.03"]
[EventType "swiss"]
[EventRounds "9"]
[EventCountry "ESP"]
[Source "lmi"]
[SourceDate "2016.04.03"]

1. e4 c6 2. Nf3 d5 3. Nc3 Bg4 4. h3 Bh5 5. exd5 cxd5 6. Bb5+ Nc6 7. g4 Bg6 8.
Ne5 Qd6 9. d4 a6 10. Bxc6+ bxc6 11. Bf4 Qe6 12. Na4 Nf6 13. Nc5 Qc8 14. h4 Ne4
15. h5 Nxf2 16. Kxf2 Be4 17. Re1 f6 18. Ned7 Ra7 19. Nxf8 Kxf8 20. Nxe4 dxe4
21. Rxe4 Kf7 22. Qe2 Rd8 23. Re1 Rdd7 24. Bd6 exd6 25. Re8 Rd8 26. Qe7+ 1-0

[Event "16. Torneo San Viator"]
[Site "Madrid ESP"]
[Date "2016.04.03"]
[Round "1.14"]
[White "Martin Lozano, Miguel Angel"]
[Black "Julian Serra, Rogelio"]
[Result "0-1"]
[WhiteElo "1777"]
[BlackElo "2039"]
[PlyCount "60"]
[EventDate "2016.04.03"]
[EventType "swiss"]
[EventRounds "9"]
[EventCountry "ESP"]
[Source "lmi"]
[SourceDate "2016.04.03"]

1. d4 g6 2. Bf4 Bg7 3. e3 d6 4. Nf3 Nd7 5. Be2 e5 6. Bg3 Ne7 7. h3 Nf5 8. Bh2
O-O 9. O-O Re8 10. c3 e4 11. Nfd2 Nf6 12. c4 c5 13. dxc5 dxc5 14. Nc3 a6 15.
Qc2 Qe7 16. Rfd1 Bd7 17. Nd5 Nxd5 18. cxd5 b5 19. a4 c4 20. axb5 axb5 21. Rxa8
Rxa8 22. b3 cxb3 23. Nxb3 Qb4 24. Nd4 Nxd4 25. exd4 Bxd4 26. Bc7 Qc3 27. Qxe4
Bxf2+ 28. Kxf2 Qxc7 29. d6 Qc5+ 30. Kg3 Re8 0-1

[Event "16. Torneo San Viator"]
[Site "Madrid ESP"]
[Date "2016.04.03"]
[Round "1.15"]
[White "Garcia Galeote, Lorenzo"]
[Black "Rodriguez Garcia, Alberto"]
[Result "1-0"]
[WhiteElo "2026"]
[BlackElo "1762"]
[PlyCount "123"]
[EventDate "2016.04.03"]
[EventType "swiss"]
[EventRounds "9"]
[EventCountry "ESP"]
[Source "lmi"]
[SourceDate "2016.04.03"]

1. b3 Nf6 2. Bb2 g6 3. Bxf6 exf6 4. d4 Bg7 5. e3 d6 6. g3 O-O 7. Bg2 Re8 8. Ne2
f5 9. O-O Nd7 10. c4 Nf6 11. Nbc3 Rb8 12. Rc1 Bd7 13. Qd2 Bc6 14. d5 Bd7 15. h3
Qe7 16. Qc2 a6 17. Nd4 Nh5 18. Nce2 Bh6 19. Kh2 Qf6 20. Qc3 g5 21. Nf3 Qg6 22.
Rg1 Re7 23. Bf1 g4 24. Nh4 Qg5 25. Nf4 Nf6 26. Bd3 Rbe8 27. Qc2 Ne4 28. hxg4
fxg4 29. Kg2 Bg7 30. Rh1 h6 31. Kg1 Qe5 32. Bxe4 Qxe4 33. Qxe4 Rxe4 34. Kh2 Bf6
35. Kg2 Bg5 36. Rhd1 R4e7 37. Kf1 Re5 38. Nd3 Re4 39. Ng2 Bf5 40. Ngf4 Kg7 41.
Kg2 Rh8 42. Rd2 h5 43. Rh1 h4 44. gxh4 Bxh4 45. Rdd1 Rxf4 46. Rxh4 Rxf2+ 47.
Nxf2 Rxh4 48. Kg3 Rh8 49. e4 Bg6 50. Re1 Re8 51. Nxg4 f5 52. Nf2 Kf6 53. Kf4
Re5 54. Re3 Re7 55. exf5 Rxe3 56. Ng4+ Kf7 57. fxg6+ Kxg6 58. Nxe3 Kf6 59. b4
b6 60. Ke4 Ke7 61. Kd4 Kd7 62. c5 1-0

[Event "16. Torneo San Viator"]
[Site "Madrid ESP"]
[Date "2016.04.03"]
[Round "1.16"]
[White "De Vicente Guijarro, Juan"]
[Black "Pindado Campos, Raul"]
[Result "0-1"]
[WhiteElo "1761"]
[BlackElo "2009"]
[PlyCount "88"]
[EventDate "2016.04.03"]
[EventType "swiss"]
[EventRounds "9"]
[EventCountry "ESP"]
[Source "lmi"]
[SourceDate "2016.04.03"]

1. e4 c5 2. Nf3 d6 3. d4 Nf6 4. Nc3 cxd4 5. Nxd4 a6 6. Be3 g6 7. f3 Bg7 8. Qd2
O-O 9. Bc4 Nc6 10. O-O-O Na5 11. Be2 b5 12. b3 e5 13. Ndxb5 axb5 14. Nxb5 Nb7
15. a4 Be6 16. Nxd6 Nxd6 17. Qxd6 Qc8 18. Qc5 Qxc5 19. Bxc5 Rfc8 20. b4 Rxa4
21. Kd2 Bh6+ 22. Ke1 Bf8 23. Bb5 Ra2 24. Bxf8 Kxf8 25. Bd3 Rb2 26. Kd2 Rxb4 27.
Rb1 Rd4 28. Rb7 Nd7 29. Rhb1 Nc5 30. Rb8 Nxd3 31. Rxc8+ Bxc8 32. cxd3 Ba6 33.
Rb3 Ra4 34. Rb8+ Kg7 35. Ra8 Bb5 36. Rb8 Ra2+ 37. Ke3 Bd7 38. f4 exf4+ 39. Kxf4
Rxg2 40. d4 Rxh2 41. d5 Kf6 42. Rb7 Ke7 43. Ke5 f6+ 44. Kf4 g5+ 0-1

[Event "16. Torneo San Viator"]
[Site "Madrid ESP"]
[Date "2016.04.03"]
[Round "1.17"]
[White "Mazo Fernandez, Roberto"]
[Black "Calvo De Castro, Miguel"]
[Result "1-0"]
[WhiteElo "1990"]
[BlackElo "1759"]
[PlyCount "77"]
[EventDate "2016.04.03"]
[EventType "swiss"]
[EventRounds "9"]
[EventCountry "ESP"]
[Source "lmi"]
[SourceDate "2016.04.03"]

1. d4 Nf6 2. c4 e6 3. Nc3 d5 4. cxd5 exd5 5. Bg5 Be7 6. e3 O-O 7. Bd3 b6 8.
Nge2 Bb7 9. O-O Nbd7 10. Rc1 c5 11. Ng3 h6 12. Bf4 Re8 13. Nb5 c4 14. Bb1 Rf8
15. Nf5 Ne8 16. Bxh6 Ndf6 17. Bg5 a6 18. Nc3 Nd6 19. Qf3 Nxf5 20. Bxf5 b5 21.
a3 Bc6 22. Rcd1 a5 23. Bxf6 Bxf6 24. e4 b4 25. Nxd5 Bxd5 26. exd5 Qd6 27. Rc1
Bxd4 28. Rxc4 Qf6 29. Rc6 Qg5 30. axb4 a4 31. Rb1 Rab8 32. Rc4 Qf6 33. b5 Rxb5
34. Rxa4 Bxb2 35. g3 Rfb8 36. Rh4 Bd4 37. Rxb5 Rxb5 38. Qe4 g6 39. Qe8+ 1-0

[Event "16. Torneo San Viator"]
[Site "Madrid ESP"]
[Date "2016.04.03"]
[Round "1.18"]
[White "Uceda Martinez, Jacinto"]
[Black "Marcos Herrero, Francisco"]
[Result "1-0"]
[WhiteElo "1755"]
[BlackElo "1978"]
[PlyCount "39"]
[EventDate "2016.04.03"]
[EventType "swiss"]
[EventRounds "9"]
[EventCountry "ESP"]
[Source "lmi"]
[SourceDate "2016.04.03"]

1. d4 Nf6 2. c4 c5 3. Bg5 cxd4 4. Bxf6 gxf6 5. Qxd4 Nc6 6. Qd1 Qb6 7. b3 Bg7 8.
Nd2 d6 9. e3 Bf5 10. Ngf3 Ne5 11. Nd4 Nd3+ 12. Bxd3 Bxd3 13. N2f3 Be4 14. Nd2
Bg6 15. Rc1 e5 16. Nb5 Bd3 17. Qf3 f5 18. Qd5 e4 19. Nxd6+ Kf8 20. Qxf7# 1-0

[Event "16. Torneo San Viator"]
[Site "Madrid ESP"]
[Date "2016.04.03"]
[Round "1.19"]
[White "Jordana Vargas, Julio"]
[Black "Munoz Cebey, Ricardo"]
[Result "1-0"]
[WhiteElo "1973"]
[BlackElo "1751"]
[PlyCount "83"]
[EventDate "2016.04.03"]
[EventType "swiss"]
[EventRounds "9"]
[EventCountry "ESP"]
[Source "lmi"]
[SourceDate "2016.04.03"]

1. c4 e5 2. Nc3 Nc6 3. g3 g6 4. Bg2 Bg7 5. Nf3 d6 6. O-O f5 7. d3 Nf6 8. Rb1
O-O 9. b4 h6 10. b5 Ne7 11. a4 Be6 12. Ba3 Rc8 13. c5 g5 14. b6 axb6 15. cxd6
cxd6 16. Nb5 Ne8 17. Nd2 d5 18. Qb3 Rf7 19. e4 fxe4 20. Nxe4 Rc6 21. Na7 Rc7
22. Nc3 Nc6 23. Ncb5 Nxa7 24. Nxa7 Qd7 25. Qxb6 Nf6 26. Nb5 Rc6 27. Qa7 Ra6 28.
Qb8+ Kh7 29. Rfc1 Rc6 30. Qxe5 Ne4 31. Bxe4+ dxe4 32. Qxe4+ Bf5 33. Qe3 Qxd3
34. Qe8 Rxc1+ 35. Rxc1 Qd5 36. Nd6 Rf8 37. Qe3 Bd4 38. Qe7+ Kg8 39. Nxf5 Qxf5
40. Qxf8+ Qxf8 41. Bxf8 Kxf8 42. Rc8+ 1-0

[Event "16. Torneo San Viator"]
[Site "Madrid ESP"]
[Date "2016.04.03"]
[Round "1.20"]
[White "Flores Vidal, Pablo"]
[Black "Rosa Ramirez, Victor D"]
[Result "1-0"]
[WhiteElo "1746"]
[BlackElo "1972"]
[PlyCount "97"]
[EventDate "2016.04.03"]
[EventType "swiss"]
[EventRounds "9"]
[EventCountry "ESP"]
[Source "lmi"]
[SourceDate "2016.04.03"]

1. d4 Nf6 2. c4 e5 3. dxe5 Ng4 4. Nf3 Nc6 5. Bf4 Bb4+ 6. Nc3 f6 7. Qd5 fxe5 8.
Nxe5 Bxc3+ 9. bxc3 Qf6 10. Nxg4 Qxc3+ 11. Kd1 Qxa1+ 12. Kd2 Qxa2+ 13. Ke3 Qa3+
14. Ke4 Qe7+ 15. Kf3 d6 16. e3 Qe6 17. h3 O-O 18. Kg3 Ne7 19. Qg5 Nf5+ 20. Kh2
Qg6 21. Qxg6 hxg6 22. c5 Be6 23. Bd3 a5 24. cxd6 cxd6 25. e4 Nh6 26. Bxd6 Nxg4+
27. hxg4 Rxf2 28. e5 Bd5 29. Bxg6 Rxg2+ 30. Kh3 Rxg4 31. Bf7+ Bxf7 32. Kxg4
Be6+ 33. Kf4 b5 34. Ra1 Ra7 35. Ke4 g6 36. Kd4 Kf7 37. Rf1+ Bf5 38. Kd5 b4 39.
e6+ Kg8 40. Rh1 Rh7 41. Rc1 Bxe6+ 42. Kxe6 Rb7 43. Be5 g5 44. Rc8+ Kh7 45. Kf5
Kh6 46. Bf6 Rb5+ 47. Be5 Rb7 48. Rc1 Kh7 49. Rh1+ 1-0

[Event "16. Torneo San Viator"]
[Site "Madrid ESP"]
[Date "2016.04.03"]
[Round "1.21"]
[White "Lobato Rivero, Carlos"]
[Black "Matesanz Bonastre, Rafael"]
[Result "1/2-1/2"]
[WhiteElo "1963"]
[BlackElo "1732"]
[PlyCount "58"]
[EventDate "2016.04.03"]
[EventType "swiss"]
[EventRounds "9"]
[EventCountry "ESP"]
[Source "lmi"]
[SourceDate "2016.04.03"]

1. e4 e6 2. b3 d5 3. Bb2 Nf6 4. e5 Nfd7 5. Qg4 c5 6. f4 g6 7. Nf3 Bg7 8. Nc3 a6
9. h4 f5 10. Qg3 d4 11. Nd1 Qe7 12. h5 gxh5 13. Rxh5 h6 14. Be2 Nc6 15. Rh3 Nb4
16. Nh4 Nf8 17. Ng6 Nxg6 18. Qxg6+ Kd8 19. Bd3 Nxd3+ 20. Rxd3 Bd7 21. Nf2 Kc7
22. O-O-O Rhg8 23. Qh5 Bc6 24. c3 dxc3 25. dxc3 Rad8 26. Rxd8 Rxd8 27. Rxd8
Kxd8 28. Qd1+ Kc7 29. g3 Qf8 1/2-1/2

[Event "16. Torneo San Viator"]
[Site "Madrid ESP"]
[Date "2016.04.03"]
[Round "1.22"]
[White "Gil Calvente, Jose Antonio"]
[Black "Cardena Contreras, Javier"]
[Result "1/2-1/2"]
[WhiteElo "1732"]
[BlackElo "1962"]
[PlyCount "161"]
[EventDate "2016.04.03"]
[EventType "swiss"]
[EventRounds "9"]
[EventCountry "ESP"]
[Source "lmi"]
[SourceDate "2016.04.03"]

1. d4 Nf6 2. Nf3 e6 3. e3 c5 4. Bd3 Nc6 5. O-O Be7 6. b3 O-O 7. Bb2 d5 8. a3 a6
9. Nbd2 b5 10. dxc5 Bxc5 11. Qe2 Bb7 12. e4 Be7 13. e5 Nd7 14. b4 Nb6 15. Nd4
Nc4 16. Nxc6 Bxc6 17. Bd4 Qd7 18. f4 f6 19. Rf3 f5 20. Rh3 Rf7 21. g4 g6 22. g5
a5 23. bxa5 Rxa5 24. Nb3 Rxa3 25. Rxa3 Bxa3 26. Bc5 Bxc5+ 27. Nxc5 Qa7 28. Qf2
Re7 29. Nb3 Qxf2+ 30. Kxf2 Ra7 31. Nd4 Bd7 32. Ke2 b4 33. Rg3 Rb7 34. Rg1 Kf7
35. Ra1 Nb2 36. Ra6 Na4 37. Kd2 Nc5 38. Ra5 Ne4+ 39. Ke2 Rc7 40. Ra8 Rb7 41.
Rh8 Kg7 42. Ra8 Nc5 43. Ra5 Rc7 44. Ra8 h6 45. h4 hxg5 46. hxg5 Nxd3 47. Kxd3
Kf7 48. Rb8 Rc4 49. Rb7 Ke7 50. Rb6 Kf7 51. Ke3 Ba4 52. Rb7+ Ke8 53. Kd3 Bd7
54. Rb6 Ke7 55. Rb7 Kd8 56. Ra7 Rc7 57. Ra6 Kc8 58. Rb6 Rb7 59. Ra6 b3 60. Ra8+
Kc7 61. cxb3 Bc8 62. Ra6 Rxb3+ 63. Nxb3 Bxa6+ 64. Kd4 Kc6 65. Nd2 Be2 66. Nb3
Kd7 67. Kc5 Bd3 68. Nd4 Bb1 69. Nf3 Ke7 70. Nd4 Bd3 71. Nc6+ Kd7 72. Nd4 Bc4
73. Nf3 Be2 74. Nd4 Bh5 75. Nb3 Bd1 76. Nd4 Ba4 77. Nf3 Kc7 78. Nd4 Bd7 79. Nf3
Bc6 80. Nd4 Bd7 81. Nf3 1/2-1/2

[Event "16. Torneo San Viator"]
[Site "Madrid ESP"]
[Date "2016.04.03"]
[Round "1.24"]
[White "Campos Diaz, Fernando"]
[Black "Luna Hermoso, Angel"]
[Result "0-1"]
[WhiteElo "1677"]
[BlackElo "1960"]
[PlyCount "76"]
[EventDate "2016.04.03"]
[EventType "swiss"]
[EventRounds "9"]
[EventCountry "ESP"]
[Source "lmi"]
[SourceDate "2016.04.03"]

1. d4 c5 2. c3 e6 3. Bf4 cxd4 4. cxd4 Qb6 5. Qd2 d5 6. e3 Nc6 7. Nc3 Nf6 8. a3
a6 9. Bd3 Be7 10. Nf3 Na5 11. Na4 Qd8 12. Qc2 Nc4 13. O-O O-O 14. h3 Bd7 15.
Nc3 Rc8 16. Qe2 Nxa3 17. Nxd5 exd5 18. bxa3 Rc3 19. a4 Qc8 20. Ne5 Ne4 21. Nxd7
Qxd7 22. f3 Nf6 23. g4 Rfc8 24. Bf5 Qe8 25. Bxc8 Qxc8 26. e4 dxe4 27. fxe4 Rxh3
28. Rac1 Qd7 29. d5 Rh4 30. Bg3 Rxg4 31. Qf2 Bd6 32. Rc3 Nxe4 33. Rc8+ Qxc8 34.
Qxf7+ Kh8 35. Re1 Rxg3+ 36. Kf1 Qh3+ 37. Ke2 Qg2+ 38. Qf2 Qxf2+ 0-1

[Event "16. Torneo San Viator"]
[Site "Madrid ESP"]
[Date "2016.04.03"]
[Round "1.25"]
[White "Lopez Ziegler, Carlos"]
[Black "Rodriguez Camarillo, Diana"]
[Result "0-1"]
[WhiteElo "1953"]
[BlackElo "1676"]
[PlyCount "78"]
[EventDate "2016.04.03"]
[EventType "swiss"]
[EventRounds "9"]
[EventCountry "ESP"]
[Source "lmi"]
[SourceDate "2016.04.03"]

1. e4 e6 2. d4 d5 3. Nd2 dxe4 4. Nxe4 Nf6 5. Bd3 Nbd7 6. Be3 b6 7. Qf3 Rb8 8.
Ne2 Nxe4 9. Bxe4 Nf6 10. Bd3 Bb7 11. Qg3 Qd6 12. Bf4 Qb4+ 13. c3 Qxb2 14. Rb1
Qxa2 15. Bxc7 Rc8 16. Bb5+ Nd7 17. O-O Qc2 18. Bd3 Qa4 19. Bb5 Qc2 20. d5 Qg6
21. dxe6 fxe6 22. Rbd1 Rxc7 23. Rxd7 Rxd7 24. Qxg6+ hxg6 25. Rd1 Bc8 26. Nf4
Rh5 27. Nxh5 gxh5 28. Ra1 a5 29. Re1 Kf7 30. Bxd7 Bxd7 31. h4 b5 32. Re5 g6 33.
Kf1 a4 34. Ke2 a3 35. Kd3 a2 36. Re1 Bc6 37. Ra1 Bd5 38. Kc2 Bg7 39. f3 b4 0-1

[Event "16. Torneo San Viator"]
[Site "Madrid ESP"]
[Date "2016.04.03"]
[Round "1.26"]
[White "Garcia Seijas, Adrian"]
[Black "Recuenco Andres, Javier"]
[Result "0-1"]
[WhiteElo "1673"]
[BlackElo "1944"]
[PlyCount "78"]
[EventDate "2016.04.03"]
[EventType "swiss"]
[EventRounds "9"]
[EventCountry "ESP"]
[Source "lmi"]
[SourceDate "2016.04.03"]

1. d4 g6 2. Nf3 Bg7 3. Bg5 d6 4. c3 Nc6 5. Nbd2 h6 6. Bh4 Nf6 7. e3 Bg4 8. h3
Bd7 9. Bd3 g5 10. Bg3 e6 11. O-O Qe7 12. Re1 e5 13. Qc2 O-O-O 14. b4 g4 15.
hxg4 Bxg4 16. Bf5+ Kb8 17. Bxg4 Nxg4 18. d5 e4 19. Nh4 Nce5 20. Nf5 Qg5 21.
Qxe4 Nf6 22. Qb1 Qg6 23. Nxg7 Qxg7 24. Qf5 Rdg8 25. Nf3 Nxf3+ 26. Qxf3 Nh7 27.
Bh4 Ng5 28. Qf5 Re8 29. g3 Re5 30. Qg4 h5 31. Qd1 Rf5 32. f4 Ne4 33. Qd3 Re8
34. Qb5 Rg8 35. Kh2 Qg4 36. Rg1 Nxc3 37. Qc4 Nxd5 38. e4 Nxf4 39. Kh1 Qh3# 0-1